| 000 | 00387nam a2200169Ia 4500 | ||
|---|---|---|---|
| 005 | 20251020182556.0 | ||
| 008 | 200515s9999 xx 000 0 und d | ||
| 082 | _aSC/.621.3/R78-I | ||
| 100 | _aROLDAN, José | ||
| 245 | 0 | _aManual del Instalador Electricista | |
| 260 | _aBarcelona | ||
| 260 | _c1980 | ||
| 300 | _a178 | ||
| 650 | _aELECTRICIDAD | ||
| 650 | _aMANUAL | ||
| 942 | _cLIB | ||
| 999 |
_c2911 _d2911 |
||